| 000 | 01238cam a2200349 i 4500 | ||
|---|---|---|---|
| 001 | 22124545 | ||
| 003 | EG-ScBUE | ||
| 005 | 20220221123644.0 | ||
| 008 | 210709s2017 nyua f bd 001 0 eng d | ||
| 020 | _a9780194505314 | ||
| 040 |
_aDLC _beng _erda _cDLC _dEG-ScBUE |
||
| 082 | 0 | 4 |
_222 _a495.131 _bADE |
| 100 | 1 |
_aAdelson-Goldstein, Jayme, _eauthor. |
|
| 245 | 1 | 0 |
_aEnglish/Chinese Oxford picture dictionary / _cJayme Adelson-Goldstein, Norma Shapiro. |
| 246 | 3 | 0 | _aOxford picture dictionary |
| 250 | _aThird edition. | ||
| 264 | 1 |
_aNew York : _bOxford University Press, _c2017. |
|
| 300 |
_aix, 308 pages : _billustrations ; _c28 cm |
||
| 336 |
_2rdacontent _atext _btxt |
||
| 337 |
_2rdamedia _aunmediated _bn |
||
| 338 |
_2rdacarrier _avolume _bnc |
||
| 504 | _aIncludes bibliographical references and index. | ||
| 650 | 7 |
_aEnglish language _xDictionaries _zChinese. _2BUEsh |
|
| 650 | 7 |
_aPicture dictionaries, English. _2BUEsh _935566 |
|
| 653 |
_bGGEN _cFebruary2022 |
||
| 655 |
_vReading book _934232 |
||
| 700 | 1 |
_aShapiro, Norma, _eauthor. _935366 |
|
| 906 |
_a7 _bcbc _corigcop _d2 _encip _f20 _gy-gencatlg |
||
| 942 |
_2ddc _cBB |
||
| 999 |
_c29803 _d29774 |
||